000 00534nam a2200169 i 4500
001 64237
003 ES-MaACL
005 20230906165058.0
007 t|
008 031223s1971 xxu ||||1| spa d
100 1 _aFlores, Angel.
_951251
245 1 3 _aLa novela hispanoamericana actual
_b: compilación de ensayos críticos /
_cAngel Flores, Raul Silva Cáceres.
260 _a[New York] :
_bLas Americas,
_c[1971]
300 _a297 p. ;
_c22 cm.
700 1 _aSilva Cáceres, Raul.
_9106387
852 _aES-MaACL
_jC-41127
_bR.80273
999 _c64237
_d64237